| LEADER |
00834nam0a2200205 450 |
| 001 |
16847970 |
| 010 |
|
|
|a 978-2-501-08771-1
|b br.
|d 5,99
|
| 100 |
|
|
|a 20130426d2013 u u0frey01 ba
|
| 101 |
0 |
|
|a fre
|
| 102 |
|
|
|a BE
|
| 200 |
0 |
|
|a Secrets de famille, mode d'emploi
|e quand et comment faut-il en parler ?
|f Serge Tisseron
|
| 205 |
|
|
|a Nouvelle édition
|
| 207 |
|
1 |
|a
|
| 215 |
|
|
|a 1 vol. (132 p.)
|d 18 x 13 cm
|
| 300 |
|
|
|a Bibliogr.
|
| 330 |
|
|
|a Psychiatre et psychanalyste, l'auteur propose une méthode simple pour savoir s'il y a des secrets dans une famille, se familiariser avec eux et éviter de les transmettre aux enfants...
|
| 700 |
|
0 |
|a Tisseron
|b Serge
|4 70
|
| 900 |
|
|
|a Documentaire
|
| 901 |
|
|
|a Accessible au prêt
|
| 995 |
|
|
|a Bibliothèque
|c Bibliothèque
|f 00156009367434
|h 00156009367434
|k 155.7 TIS
|o p
|q a
|r az
|e Bibliothèque
|